|
|
|
|
| LEADER |
00000nam2a2200000 4500 |
| 001 |
352700 |
| 005 |
20231102010525.0 |
| 035 |
|
|
|a (RuTPU)RU\TPU\retro\9436
|
| 035 |
|
|
|a RU\TPU\retro\9433
|
| 090 |
|
|
|a 352700
|
| 100 |
|
|
|a 20200131d1974 k y0rusy50 ca
|
| 101 |
0 |
|
|a rus
|
| 102 |
|
|
|a UA
|
| 105 |
|
|
|a a z 001zy
|
| 200 |
0 |
|
|a Вып. 109 : Каталитические реакции превращения углеводородов
|e сборник статей
|f под ред. Г. М. Панченкова
|
| 210 |
|
|
|a Киев
|c Наукова думка
|d 1974
|
| 215 |
|
|
|a 120 с.
|c ил.
|
| 320 |
|
|
|a Библиогр. в конце ст.
|
| 461 |
|
1 |
|0 (RuTPU)RU\TPU\retro\9257
|t Труды [Московского института нефтехимической и газовой промышленности]
|o [сборник]
|f Московский институт нефтехимической и газовой промышленности им. И. М. Губкина (МИНХиГП)
|v Вып. 109 : Каталитические реакции превращения углеводородов
|d 1959-
|
| 606 |
1 |
|
|a Углеводороды
|x Каталитические процессы
|2 stltpush
|3 (RuTPU)RU\TPU\subj\34187
|9 56202
|
| 610 |
1 |
|
|a каталитические реакции
|
| 610 |
1 |
|
|a углеводороды
|
| 610 |
1 |
|
|a крекинг
|
| 610 |
1 |
|
|a полимеризация
|
| 610 |
1 |
|
|a алкилирование
|
| 610 |
1 |
|
|a нефтехимия
|
| 610 |
1 |
|
|a органические соединения
|
| 610 |
1 |
|
|a галогены
|
| 675 |
|
|
|a 665.656
|v 3
|
| 702 |
|
1 |
|a Панченков
|b Г. М.
|4 340
|
| 801 |
|
1 |
|a RU
|b 63413507
|c 20060206
|g PSBO
|
| 801 |
|
2 |
|a RU
|b 63413507
|c 20200225
|g PSBO
|
| 942 |
|
|
|c BK
|